Правила дорожного движения в вопросах и ответах: учебное пособие

Detalhes bibliográficos
Outros Autores: Ножнов С. И. (составитель)
Resumo:Исключено из фонда НТБ ТПУ
Idioma:russo
Publicado em: Москва, Стикс, 1995
Formato: Livro
KOHA link:https://koha.lib.tpu.ru/cgi-bin/koha/opac-detail.pl?biblionumber=590

MARC

LEADER 00000nam0a2200000 4500
001 590
005 20231030172618.0
035 |a (RuTPU)RU\TPU\book\594 
035 |a BOOK00000595 
090 |a 590 
100 |a 20011209d1995 m y0rusy50 ca 
101 0 |a rus 
102 |a RU 
105 |a a j 000zy 
200 1 |a Правила дорожного движения в вопросах и ответах  |e учебное пособие  |f сост. С. И. Ножнов 
210 |a Москва  |c Стикс  |d 1995 
215 |a 80 с.  |c ил. 
333 |a Исключено из фонда НТБ ТПУ 
702 1 |a Ножнов  |b С. И.  |4 220 
801 0 |a RU  |b 63413507  |c 20011209  |g PSBO 
801 2 |a RU  |b 63413507  |c 20110222  |g PSBO 
942 |c BK